000 00628nam a22002057a 4500
942 _cBK
999 _c838
_d838
005 20250420134826.0
008 230820b ||||| |||| 00| 0 eng d
020 _a9781526847645
040 _cKCST
082 _a428.24
_bKo In
100 _aDanae Kozanoglou
_95775
245 _aNew interactions intro :
_breading and writing /
_cDanae Kozanoglou
260 _bMcGraw-Hill;
_c2020
300 _a208 p.
650 _a English language
_vTextbooks for foreign speakers
_95776
650 _aEnglish language
_vReading, writing
_95777
650 _aEnglish language
_vProblems, exercises, etc
_94926
942 _2ddc